Movies Quiz

Random Movies or Popular Quiz

Lesser-Known Movie Quotes Quiz Stats

 Plays Quiz Updated Oct 12, 2018

Score 0/30 Timer 10:00
0 Plays Today
Quote Movie % Correct
'This little piece of gum is a three-course dinner.'Willy Wonka & the Chocolate Factory
62.1%
'I'm sorry I had to fight in the middle of your Black Panther party.'Forrest Gump
58.6%
'So you're telling me there's a chance! Yeah!'Dumb and Dumber
43.5%
'Shampoo is better. I go on first and clean the hair. Conditioner is better. I leave the hair silky and smooth.'Billy Madison
40.9%
'I'd ask you to sit down, but, you're not going to anyway. And don't worry about the vase.'The Matrix
39.3%
'Corporate accounts payable, Nina speaking. Just a moment.'Office Space
37.6%
'I mean, seriously, how often do you really look at a man's shoes?'The Shawshank Redemption
35.5%
'He would make outrageous claims like he invented the question mark. Sometimes he would accuse chestnuts of being lazy.'Austin Powers: International Man of Mystery
31.9%
'Russian captains sometime turn suddenly to see if anyone's behind them. We call it 'Crazy Ivan.'The Hunt for Red October
31.5%
'You woke up the bears. Why did you do that?'Anchorman: The Legend of Ron Burgundy
31.5%
'I can get you a toe by 3 o'clock this afternoon... with nail polish.'The Big Lebowski
31%
'I felt like destroying something beautiful.'Fight Club
30.5%
'Look, man, I ain't fallin' for no banana in my tailpipe!'Beverly Hills Cop
29.5%
'Forget the fat lady. You're obsessed with fat lady. Just get us out of here!'Independence Day
28.8%
'Dorks. They look like a couple of dorks.'Pulp Fiction
27.3%
Quote Movie % Correct
'Come bust a move where the games are played, it's chill, it's fresh, it's Noah's Arcade!'Wayne's World
25.3%
'What was the point of all those push-ups if you can't even lift a bloody log?'Batman Begins
21.8%
'I suddenly remembered my Charlemagne. Let my armies be the rocks and the trees and the birds in the sky... 'Indiana Jones and the Last Crusade
20.7%
'I'm the guy who does his job. You must be the other guy.'The Departed
20%
'I mean, this ain't exactly the Mississippi. I'm on one side, I'm on the other side. I'm on the east bank, I'm on the west bank. It's not that critical.'Robin Hood: Men in Tights
19.3%
'Carla was the prom queen.'The Rock
19.2%
'Now if you'll excuse me, I have an after-funeral party to attend.'Zoolander
18.5%
'Every time I look in the mirror, pal - except for the beard, of course!'The Fugitive
13.3%
'Mass genocide is the most exhausting activity one can engage in, outside of soccer.'Dogma
12.9%
'The man who sold it to me, Barry Garcia.'Half Baked
9.6%
'No, I think you had two fifties and moved right into the seventies!'Field of Dreams
9.2%
'Oh, you're too late! There's nothing left to explore!'The Truman Show
8.3%
'And how did you feel, being denied these hungry, hungry hippos?'Donnie Darko
5.7%
'He helped Joshua fight the battle of Jericho, He helped Daniel get out the lion's den, He helped Gilligan get off the island!'Coming to America
5.5%
'I was told to tell you that you're a fascist pig.'Children of Men
4.3%

You're not logged in!

Compare scores with friends on all Sporcle quizzes.
OR
Log In

Sporcle TV

Today on Sporcle TV


Watch our educational content, quiz creation guides, and fun videos on Sporcle TV.

Show Comments

Extras

Top Quizzes Today


Score Distribution

Your Account Isn't Verified!

In order to create a playlist on Sporcle, you need to verify the email address you used during registration. Go to your Sporcle Settings to finish the process.

Report this User

Report this user for behavior that violates our Community Guidelines.

Details: